00344 2200145 4500001002100000005001500021035002000036245004200056100001800098300001200116260003600128082000800164084001400172990001200186INLIS00000000000238820250528115452 a0010-05250006801 aDongeng Sang Perawan /cKahlil Gibran0 aKahlil Gibran a147 hlm aYogyakarta :bDiva Press,c2004 a813 a813 KAH d a0712662